Diversidad cultural y trayectorias pedagógicas

Guardat en:
Dades bibliogràfiques
Autors principals: Delgado S., Ricardo (Autor), Castillo Guzmán, Elizabeth (Autor), Guido Guevara, Sandra (Autor), Castiblanco Ramírez, Iván (Autor), Ortiz Morales, Ferley (Autor), García Ríos, Diana Patricia (Autor), Guevara Ramírez, René (Autor), Hurtado Rodríguez, Luis Javier (Autor), Tobar Gutiérrez, María Elena (Autor), Espitia Malagón, Pedro Pablo (Autor), Piamonte Cruz, Marcela (Autor)
Format: Llibre
Idioma:espanyol
Publicat: Bogotá Universidad Pedagógica Nacional 2006
Edició:1a. ed
Matèries:
Etiquetes: Afegir etiqueta
Sense etiquetes, Sigues el primer a etiquetar aquest registre!

MARC

LEADER 00000nam a2200000 a 4500
001 UCI4228
003 CL-VaPUC
008 080104e20060000CK |||||||||||||||||spa|d
020 |a 9789588316185 
082 0 4 |a 370.117  |b DEL  |2 21 
100 0 |a Delgado S., Ricardo  |e author  |9 525980 
700 0 |a Castillo Guzmán, Elizabeth  |e author  |9 525981 
700 0 |a Guido Guevara, Sandra  |e author  |9 525982 
700 0 |a Castiblanco Ramírez, Iván  |e author  |9 525983 
700 0 |a Ortiz Morales, Ferley  |e author  |9 525984 
700 0 |a García Ríos, Diana Patricia  |e author  |9 525985 
700 0 |a Guevara Ramírez, René  |e author  |9 525986 
700 0 |a Hurtado Rodríguez, Luis Javier  |e author  |9 525987 
700 0 |a Tobar Gutiérrez, María Elena  |e author  |9 525988 
700 0 |a Espitia Malagón, Pedro Pablo  |e author  |9 525989 
700 0 |a Piamonte Cruz, Marcela  |e author  |9 525990 
245 1 0 |a Diversidad cultural y trayectorias pedagógicas 
250 |a 1a. ed 
300 |a 198 p 
942 |c BK 
945 |d 20080104 00:00:00  |a rbrito 
260 |a Bogotá  |b Universidad Pedagógica Nacional  |c 2006 
650 0 |a Diversidad cultural  |9 473079 
650 0 |a Derecho a la educación   |9 307987 
650 0 |a Discriminación cultural  |9 525991 
650 0 |a Integración Cultural  |9 338434 
650 0 |a Socialización  |9 309940 
650 0 |a Identidad cultural  |9 319131 
583 |a last modification  |c 20080104 00:00:00  |k Rodrigo Vera 
999 |c 328198  |d 328196 
952 |0 0  |1 0  |4 0  |6 370_117000000000000_DEL_2006  |7 0  |8 A  |9 411994  |a BIBEDU  |b BIBEDU  |d 2019-11-22  |i 4399382  |o 370.117 DEL 2006  |p 4399382  |r 2019-11-22  |w 2019-11-22  |y BK  |k EDU